Integrating information management for Microsoft Works and Works for Windows /
Information needs and integrated systems. Business spreadsheets. Business databases. Manipulating data in a database. Moving and integrating data. Business graphics. Word processing and mail merge. Accessories and options. Developing an integrated business information system. Communications
Guardado en:
| Autor principal: | |
|---|---|
| Formato: | Libro |
| Lenguaje: | English |
| Publicado: |
South Melbourne, Vic. :
Nelson,
1993
|
| Materias: | |
| Etiquetas: |
Agregar Etiqueta
Sin Etiquetas, Sea el primero en etiquetar este registro!
|
| Thư viện lưu trữ: | Mạng thư viện Đại học Đà Nẵng |
|---|
| LEADER | 01288cam a2200373 i 4500 | ||
|---|---|---|---|
| 001 | 000048981 | ||
| 003 | 8708 | ||
| 005 | 20021115391357.0 | ||
| 008 | 010322|1993 vm 000 eng | ||
| 020 | |a 0170089096 | ||
| 040 | |a IRC |c IRC |d IRC | ||
| 041 | 0 | |a eng | |
| 082 | 1 | 4 | |a 005.369 |b FA-M |
| 100 | 1 | |a Fairhurst, Maureen. | |
| 245 | 0 | 0 | |a Integrating information management for Microsoft Works and Works for Windows / |c Maureen Fairhurst |
| 260 | |a South Melbourne, Vic. : |b Nelson, |c 1993 | ||
| 300 | |a 333 p. : |b ill.; |c 25.3cm | ||
| 520 | 3 | |a Information needs and integrated systems. Business spreadsheets. Business databases. Manipulating data in a database. Moving and integrating data. Business graphics. Word processing and mail merge. Accessories and options. Developing an integrated business information system. Communications | |
| 630 | 0 | 4 | |a Computer |
| 630 | 0 | 4 | |a Microsoft Works |
| 630 | 0 | 4 | |a Microsoft Works for Windows |
| 650 | 0 | 4 | |a Microsoft Works for WindowsIntegrated software |
| 650 | 0 | 4 | |a Microsoft Word |
| OWN | |a DUT | ||
| 049 | 0 | 0 | |a mt |
| 999 | |a From the UDN01 | ||
| TYP | |a Monograph | ||
| TYP | |a Printed language | ||
| 980 | |a Mạng thư viện Đại học Đà Nẵng | ||


